| 000 | 01354nam0a2200349 4500 | ||
|---|---|---|---|
| 001 | RU\NLR\BIBL_A\012581367 | ||
| 005 | 20211014110402.0 | ||
| 010 |
_a978-5-907056-95-4 _95000 |
||
| 021 |
_aRU _bКН-П-21-023550 _9КН-П-21-1824 |
||
| 035 | _a(NLR Aleph) 012581367 | ||
| 090 |
_a12522787 _c12522787 |
||
| 100 | _a20210818d2021 u y0rusy50 ca | ||
| 101 | 1 |
_arus _ceng |
|
| 102 | _aRU | ||
| 105 | _ay|||z|||000ay | ||
| 181 | 0 |
_ai4 _bab2e |
|
| 182 | 0 | _an | |
| 200 | 1 |
_aМы умели верить _eроман _fРебекка Маккай _gперевод [с английского] Дмитрия Шепелева |
|
| 203 |
_aТекст _bвизуальный _cнепосредственный |
||
| 210 |
_aМосква _cЛайвбук _d2021 |
||
| 215 |
_a829, [3] с. _d21 |
||
| 300 | _aНа обл. авт.: Ребекка Маккай - финалист Пулитцеровской премии | ||
| 300 | _aСодержит нецензурную брань | ||
| 320 | _aДр. произведения авт. в конце кн. | ||
| 333 | _a18+ | ||
| 686 | 1 | _aШ6(7США)67-440.4(Лх1979-50) | |
| 700 | 1 |
_7ca _8rus _aМаккай _bР. _f1978- _gРебекка _9235243 _3RU\NLR\AUTH\770235299 |
|
| 942 | _cBOOK | ||
| 980 | _aNB | ||